00602nam a2200217Ia 4500008004100000041001200041082000600053082001100059100002000070100001100090245002900101260001100130260003100141260000900172300001600181365002500197650001400222942000700236999001900243952012200262150901s9999 xx 000 0 und d aEnglish a1 bMAM/MA aMammen Mathew  eEditor aManorama year book 2012 aMumbai bMalayala manorama co. Ltd. c2012 a1036 Pages aRs.170/-  aYear book cBK c243226d243226 00104070aKAUCOAbKAUCOAd2022-03-03g170.00l0o1 MAM/MApKAU-COA-29595 r2015-09-16 00:00:00w2015-09-16yBK